000
00309nam a22001337a 4500
008
180227b xxu||||| |||| 00| 0 eng d
020
_a
9780495280958
041
_a
eng
080
_a
51
100
_a
38
101
_a
mat
245
_a
precalculus mathematics for calculus
_c
stewart.r.w
942
_2
udc
_c
BK
999
_c
43558
_d
43558